| 000 | 00815 a2200205 4500 | ||
|---|---|---|---|
| 005 | 2008082608228.0 | ||
| 008 | 080826t xxu||||| |||| 00| 0 eng d | ||
| 010 | _aENG-87216 | ||
| 020 |
_a0195690834 _c795.00 |
||
| 035 | _aEN-70749 | ||
| 037 | _bDBAD / PUB | ||
| 082 | _a331.763095443 | ||
| 100 | _aBreman, Jan | ||
| 245 |
_aThe poverty regime in village India _cby Jan Breman |
||
| 260 |
_aNew Delhi _bOxford University Press _c2007 |
||
| 270 |
_aYMCA Library Building, Jai Singh Road _bNew Delhi _e110 001 |
||
| 300 |
_axviii, 458 p. _bB & W photos _c22 cm (Hb.) |
||
| 942 |
_adpl _cEN _k331.763095443/BRE _2ddc _h331.763095443 _mBRE |
||
| 999 |
_c6290 _d6290 |
||